00336nam a2200133Ia 450000100060000000800410000602000180004704000130006508200190007824500490009726000380014630000110018454600070019524288140410s9999 xx 000 0 und d a2-930066-35-0 cPK-LaUMT aR 027.04bDIR- 4aThe directory of EU information sourcesa9th aBelgium:bEuroconfidentiel,c1997 avar p. aEN